000 00444nam a2200169Ia 4500
008 221030s9999 xx 000 0 und d
020 _a81075150548
041 _aEnglish
082 _a105.23
_bRai
100 _aH. C. Rai
245 0 _aQuestion Bank in Electrical & Electronics Engineering
_cby H. C. Rai, Ashok Raj
260 _bGalgotia Pub
_aNew Delhi
_c1997
300 _a1098
650 _aECE & EE
700 _aAshok Raj
942 _cBK
999 _c4757
_d4757